000
00221 a2200085 4500
020
_a
9781786274144
100
_a
White Arkitekter
245
_a
Make Sense: Architecture by White
260
_b
Laurence King Publishing
_c
2019
999
_c
13395
_d
13395